Catalog of the Avery Memorial Architectural Library of Columbia University. 2d ed., enl. Supplement.

Zapisane w:
Opis bibliograficzny
Korporacja: Avery Library
Format: Wydawnictwo ciągłe
Język:Multiple
Wydane: Boston, G. K. Hall.
Hasła przedmiotowe:
LEADER 02234nas a2200493 4500
001 c000156490
003 CARM
005 20020205155423.0
008 760224u19729999mauuu1 cb 0uuua0mul
010 |a 75649442 //r86 
019 1 |a 989911  |5 LACONCORD2021 
022 |a 0360-960X 
035 |a (OCoLC)2244927  |5 LACONCORD2021 
041 0 |a engmul 
042 |a lc  |a nsdp 
043 |a n-us-ny 
050 0 0 |a Z5945  |b .C652 1968 Suppl  |a NA2500 
110 2 0 |a Avery Library. 
222 1 0 |a Catalog of the Avery Memorial Architectural Library of Columbia University. Second edition, enlarged. Supplement 
245 0 0 |a Catalog of the Avery Memorial Architectural Library of Columbia University. 2d ed., enl.  |p Supplement. 
260 0 0 |a Boston,  |b G. K. Hall. 
300 |c 37 cm. 
362 0 |a 1st- 1972- 
515 |a Each supplement issued in several vols. 
610 2 0 |a Avery Library. 
650 0 |a Architecture  |x Bibliography  |x Catalogs. 
650 0 |a Art  |x Bibliography  |x Catalogs. 
852 8 |b CARM  |h A2:AH17D1  |i E00525  |p 0107906  |f SE 
852 8 |b CARM  |h A2:AH11D3  |i E00536  |p 0107903  |f SE 
852 8 |b CARM  |h A2:AH15D1  |i E00522  |p 0107902  |f SE 
852 8 |b CARM  |h A2:AH15D2  |i E00523  |p 0107863  |f SE 
852 8 |b CARM  |h A2:AH11D0  |i E00530  |p 0107899  |f SE 
852 8 |b CARM  |h A2:AH15D0  |i E00248  |p 0107866  |f SE 
866 0 |a 1-18, supp.1-4 
866 0 |a 1-18, supp.1-4 
082 0 4 |a 016.72 
265 |a 70 Lincoln St. 
999 f f |i 8d268fbd-f81e-549c-ac02-10a0300a89a8  |s a8c8cb26-9cde-554f-a2e0-60824322d748 
952 f f |p Can circulate  |a CAVAL  |b CAVAL  |c CAVAL  |d CARM 1 Store  |e E00522  |f A2:AH15D1  |h Other scheme  |i book  |k 13-17  |m 0107902 
952 f f |p Can circulate  |a CAVAL  |b CAVAL  |c CAVAL  |d CARM 1 Store  |e E00248  |f A2:AH15D0  |h Other scheme  |i book  |k supp.3 1-3, supp.4 1-3  |m 0107866 
952 f f |p Can circulate  |a CAVAL  |b CAVAL  |c CAVAL  |d CARM 1 Store  |e E00530  |f A2:AH11D0  |h Other scheme  |i book  |k supp.2 1-4  |m 0107899 
952 f f |p Can circulate  |a CAVAL  |b CAVAL  |c CAVAL  |d CARM 1 Store  |e E00525  |f A2:AH17D1  |h Other scheme  |i book  |k  1-6  |m 0107906 
952 f f |p Can circulate  |a CAVAL  |b CAVAL  |c CAVAL  |d CARM 1 Store  |e E00536  |f A2:AH11D3  |h Other scheme  |i book  |k 7-12  |m 0107903 
952 f f |p Can circulate  |a CAVAL  |b CAVAL  |c CAVAL  |d CARM 1 Store  |e E00523  |f A2:AH15D2  |h Other scheme  |i book  |k 18, supp.1 1-3  |m 0107863